000 02271nam0a2200349 4500
001 RU\NLR\BIBL_A\012870194
005 20260203135807.0
010 _a978-5-00178-103-5
_94000
021 _aRU
_bКН-П-22-039096
_9КН-П-22-3377
035 _a(NLR Aleph) 012870194
035 _a(RuMoRGB)011112499
090 _a12486605
_c12486605
100 _a20220818d2022 u y0rusy50 ca
101 0 _arus
102 _aRU
105 _aa z 000ay
181 0 _ai2
_baxxe
181 0 _ab2
_bxb2e
182 0 _an
200 1 _aБасни
_eс православными комментариями
_fИ. А. Крылов
_gиллюстрации Александра Глебова
_g[предисл. и коммент. редакции]
203 _aТекст
_aИзображение
_bвизуальные
_cнепосредственные
210 _aМосква
_cВольный странник
_d2022
215 _a71 с.
_cцв. ил.
_d30
330 _aКнига, которую вы держите в руках, по-новому откроет для вас смысл басен, знакомых с детства. Здесь собраны двадцать две басни из богатого наследия Крылова, и не просто собраны, но дополнены соответствующими цитатами из святоотеческого наследия, снабжены комментариями для более глубокого понимания текста. В конце книги вы найдёте увлекательные интерактивные задания, выполняя которые, сможете получить от прочитанного ещё больше пользы для своей души
686 0 _aШ9(2)60=Р5-5
700 1 _7ca
_8rus
_aКрылов
_bИ. А.
_cбаснописец
_f1769-1844
_gИван Андреевич
_9112715
_3RU\NLR\AUTH\772707
701 1 _4440
_7ca
_8rus
_aГлебов
_bА. В.
_f1963-
_gАлександр Владимирович
_92695351
_3RU\NLR\AUTH\770289484
942 _cBOOK
980 _aNB